000 00639nam a2200193Ia 4500
003 GCL
008 140319s9999 xx 000 0 ara d
040 _aGCL /
_cGCL
082 0 4 _a813.03
_bخ س
100 1 _aخطيب بدلة
245 1 0 _aالساخرون نماذج من القصة الساخرة فى سورية /
_cخطيب بدلة
250 _aالاولى
260 _aالقاهرة :
_bالاهالى للطباعة والنشر ،
_c1990
300 _a167 ص ؛
_c19 سم
650 0 4 _aالادب
650 0 4 _aالادب العربى - سورية
650 0 4 _aالقصص العربية - سوريا
942 _2ddc
_cBK
999 _c1590
_d1590